| 000 | 00526nam a2200169 a 4500 | ||
|---|---|---|---|
| 005 | 20140312155858.0 | ||
| 008 | 140312b1983 wau||||| |||| 00| 0 eng d | ||
| 041 | _aeng | ||
| 044 | _axxu | ||
| 090 |
_aLB _b03629 |
||
| 100 |
_aVari, Richard P. _921039 |
||
| 245 | _aPhylogenetic relationships of the families Curimatidae, Prochilodontidae, Anostomidae, and Chilodontidae (Pisces: Characiformes) | ||
| 260 |
_aWashington _bSmithsonian Institution Press _c1983 |
||
| 300 | _a60 p. | ||
| 942 |
_cImpreso _2z |
||
| 945 | _d2004-04-28 | ||
| 999 |
_c3800 _d3800 |
||